Song Title to Artist Click Quiz - R&B - Statistics

General Stats
  • This quiz has been taken 324 times
  • The average score is 10 of 20
Answer Stats
Hint Answer % Correct
Single Ladies (Put a Ring on It) Beyoncé
96%
Smooth Criminal Michael Jackson
93%
Respect Aretha Franklin
82%
Sexual Healing Marvin Gaye
66%
When Doves Cry Prince
64%
DJ Got Us Fallin' in Love Usher
61%
Kill Bill SZA
60%
I Got You (I Feel Good) James Brown
55%
Doo Wop (That Thing) Lauryn Hill
53%
Signed, Sealed, Delivered (I'm Yours) Stevie Wonder
51%
Lean on Me Bill Withers
45%
Under The Influence Chris Brown
43%
Let's Stay Together Al Green
40%
A Change Is Gonna Come Sam Cooke
35%
I've Got a Woman Ray Charles
33%
Everyday People Sly & the Family Stone
31%
Bad Religion Frank Ocean
29%
Together Again Janet Jackson
29%
You've Really Got a Hold on Me Smokey Robinson & the Miracles
28%
Untitled (How Does It Feel) D'Angelo
20%
No matching quizzes found
Score Distribution
Percent of People with Each Score
Percentile by Number Answered
Your Score History
You have not taken this quiz